000
00227 a2200097 4500
001
23103
100
_a
Lynch, W A
245
_a
Principles of Electronic Instrumentation
260
_a
_b
McGraw-Hill
_c
1962
090
_c
15644
_d
15644
942
_a
NUST-CAE
_c
M
_c
6274
999
_c
258176
_d
258176